[Event "GER-chT Online Liga 1 GpA"]
[Site "Playchess.com INT"]
[Date "2021.03.16"]
[Round "6.2"]
[White "Weber, Marc"]
[Black "Wessendorf, Thomas"]
[Result "0-1"]
[WhiteElo "2198"]
[BlackElo "2252"]
[PlyCount "52"]
[EventDate "2021.01.22"]
[EventType "team-tourn (rapid)"]
[EventRounds "7"]
[EventCountry "GER"]
[SourceTitle "EXT 2022"]
[Source "ChessBase"]
[SourceDate "2021.10.06"]
[SourceVersion "1"]
[SourceVersionDate "2021.10.06"]
[SourceQuality "1"]
[WhiteTeam "Walldorf"]
[BlackTeam "Essen Katernberg"]
[WhiteTeamCountry "GER"]
[BlackTeamCountry "GER"]

1. d4 Nf6 2. c4 e6 3. Nf3 c5 4. d5 exd5 5. cxd5 d6 6. Nc3 g6 7. Nd2 Nbd7 8. e4 Bg7 9. Be2 0-0 10. 0-0 Re8 11. a4 Ne5 12. h3 g5 13. Nf3 Nxf3+ 14. Bxf3 Nd7 15. Bg4 Ne5 16. Bxc8 Rxc8 17. Qh5 h6 18. f4 gxf4 19. Bxf4 Kh7 20. Bxe5 Rxe5 21. Qxf7 Rc7 22. Qf4 Rg5 23. Kh1 Re7 24. Rf3 Be5 25. Qh4 Reg7 26. Raf1 Rxg2 0-1

[Event "DSOL 02 Liga Final 1st"]
[Site "Playchess.com INT"]
[Date "2020.08.28"]
[Round "1.6"]
[White "Eurich, Jannik"]
[Black "Weber, Marc"]
[Result "1-0"]
[WhiteElo "1928"]
[BlackElo "2180"]
[PlyCount "61"]
[EventDate "2020.06.22"]
[EventType "team-k.o. (rapid)"]
[EventCountry "GER"]
[SourceTitle "EXT 2021"]
[Source "ChessBase"]
[SourceDate "2020.10.23"]
[SourceVersion "1"]
[SourceVersionDate "2020.10.23"]
[SourceQuality "1"]
[WhiteTeam "Langen"]
[BlackTeam "Walldorf"]
[WhiteTeamCountry "GER"]
[BlackTeamCountry "GER"]

1. e4 c6 2. d4 d5 3. e5 Bf5 4. Nf3 e6 5. Be2 Nd7 6. 0-0 Ne7 7. Nbd2 Nc8 8. b3 Be7 9. Bb2 0-0 10. c4 a6 11. a4 Na7 12. Ba3 c5 13. cxd5 exd5 14. dxc5 Nxc5 15. Nd4 Bg6 16. Rc1 Nd3 17. Bxe7 Qxe7 18. Bxd3 Bxd3 19. Re1 Rac8 20. Qf3 Bg6 21. Qxd5 Rfd8 22. Rxc8 Nxc8 23. Qc4 Nb6 24. Qc3 Nd5 25. Qb2 Nf4 26. Qc3 Qd7 27. N2f3 Qg4 28. g3 Nd5 29. Qc5 h5 30. e6 fxe6 31. Nxe6 1-0

[Event "DSOL 02 Liga Final 1st"]
[Site "Playchess.com INT"]
[Date "2020.08.28"]
[Round "1.2"]
[White "Weber, Marc"]
[Black "Eurich, Jannik"]
[Result "0-1"]
[WhiteElo "2180"]
[BlackElo "1928"]
[PlyCount "44"]
[EventDate "2020.06.22"]
[EventType "team-k.o. (rapid)"]
[EventCountry "GER"]
[SourceTitle "EXT 2021"]
[Source "ChessBase"]
[SourceDate "2020.10.23"]
[SourceVersion "1"]
[SourceVersionDate "2020.10.23"]
[SourceQuality "1"]
[WhiteTeam "Walldorf"]
[BlackTeam "Langen"]
[WhiteTeamCountry "GER"]
[BlackTeamCountry "GER"]

1. d4 d5 2. c4 c6 3. Nf3 Nf6 4. Nc3 dxc4 5. e4 b5 6. Be2 Bb7 7. 0-0 e6 8. a4 a6 9. b3 b4 10. e5 Nfd7 11. Ne4 c3 12. Nfg5 Be7 13. Bc4 c5 14. Bxe6 fxe6 15. Nxe6 Qb6 16. d5 Nxe5 17. Qh5+ Ng6 18. Nxg7+ Kf7 19. Ne6 Nd7 20. Bf4 Bxd5 21. Qf5+ Nf6 22. N6g5+ Kg7 0-1

[Event "Oberliga Baden 1819"]
[Site "Baden"]
[Date "2018.12.16"]
[Round "4.7"]
[White "Weber, Marc"]
[Black "Krieger, Markus"]
[Result "1/2-1/2"]
[WhiteElo "2202"]
[BlackElo "2017"]
[PlyCount "113"]
[EventDate "2018.10.21"]
[EventType "team-tourn"]
[EventRounds "9"]
[EventCountry "GER"]
[SourceTitle "EXT 2020"]
[Source "ChessBase"]
[SourceDate "2019.10.17"]
[SourceVersion "1"]
[SourceVersionDate "2019.10.17"]
[SourceQuality "1"]
[WhiteTeam "Walldorf"]
[BlackTeam "Untergrombach"]
[WhiteTeamCountry "GER"]
[BlackTeamCountry "GER"]

1. d4 d5 2. c4 c6 3. Nf3 Nf6 4. Nc3 dxc4 5. a4 Bf5 6. Nh4 Bg4 7. f3 Bh5 8. g4 Bg6 9. e4 e5 10. dxe5 Nfd7 11. Nxg6 hxg6 12. Bf4 Qc7 13. Bg3 Nxe5 14. f4 Nd3+ 15. Bxd3 cxd3 16. Qxd3 Qd7 17. Qf3 Bb4 18. Rd1 Qe6 19. 0-0 0-0 20. e5 Na6 21. Ne4 Nc5 22. f5 Qb3 23. Qxb3 Nxb3 24. Rd7 Nc5 25. Nxc5 Bxc5+ 26. Kg2 b6 27. Rfd1 gxf5 28. gxf5 Rfe8 29. Rc7 Rad8 30. Rdd7 Rxd7 31. Rxd7 Re7 32. Rd8+ Kh7 33. Kf3 Rb7 34. Ke4 Be7 35. Rc8 b5 36. a5 Bb4 37. a6 Rb6 38. Rc7 Rxa6 39. Rxf7 Ra4 40. b3 Kg8 41. e6 Ra2 42. Rc7 a5 43. Rc8+ Kh7 44. Rxc6 a4 45. bxa4 bxa4 46. Rc4 Be7 47. Kd3 Ra3+ 48. Kc2 Rf3 49. Rxa4 Rxf5 50. Ra7 Bf6 51. Bd6 Rf3 52. Kd2 Bg5+ 53. Kc2 Re3 54. e7 Kg6 55. Bc5 Re5 56. Kd3 Bf6 57. Bd4 1/2-1/2

[Event "Oberliga Baden 1516"]
[Site "Baden"]
[Date "2015.11.15"]
[Round "3.6"]
[White "Schlager, Thomas"]
[Black "Weber, Marc"]
[Result "1-0"]
[WhiteElo "2206"]
[BlackElo "2255"]
[PlyCount "76"]
[EventDate "2015.09.20"]
[EventType "team-tourn"]
[EventRounds "9"]
[EventCountry "GER"]
[SourceTitle "EXT 2018"]
[Source "ChessBase"]
[SourceDate "2017.10.13"]
[SourceVersion "1"]
[SourceVersionDate "2017.10.13"]
[SourceQuality "1"]
[WhiteTeam "Karlsruhe SF"]
[BlackTeam "Walldorf"]
[WhiteTeamCountry "GER"]
[BlackTeamCountry "GER"]

1. d4 d5 2. c4 c6 3. Nf3 Nf6 4. Nc3 e6 5. Bg5 h6 6. Bxf6 Qxf6 7. Qc2 Nd7 8. e4 dxe4 9. Qxe4 Bb4 10. a3 Bxc3+ 11. bxc3 Qf5 12. Qe3 Qa5 13. Be2 b6 14. 0-0 Bb7 15. a4 0-0 16. Nd2 Nf6 17. Nb3 Qf5 18. Rfb1 Rac8 19. c5 Nd5 20. Qd2 e5 21. a5 b5 22. a6 Ba8 23. Na5 Nf4 24. Bf1 Rcd8 25. Rd1 Rd7 26. Qe1 Rfd8 27. dxe5 Ne6 28. Nb3 Rxd1 29. Rxd1 Rxd1 30. Qxd1 Qxe5 31. Qd2 Qb8 32. Qd7 Nc7 33. c4 b4 34. Bd3 Nxa6 35. Be4 Nc7 36. g3 g6 37. Bxc6 Bxc6 38. Qxc6 Ne6 1-0

[Event "Oberliga Ost-B 9596"]
[Site "Germany"]
[Date "1996.??.??"]
[Round "?"]
[White "Brueggemann, Joachim"]
[Black "Weber, Marc"]
[Result "1-0"]
[WhiteElo "2275"]
[BlackElo "2255"]
[PlyCount "55"]
[EventDate "1995.10.??"]
[EventType "team"]
[EventRounds "10"]
[EventCountry "GER"]
[SourceTitle "EXT 1998"]
[Source "ChessBase"]
[SourceDate "1997.11.17"]
[SourceVersion "1"]
[SourceVersionDate "1997.11.17"]
[SourceQuality "1"]

1. e4 c5 2. Nf3 d6 3. d4 cxd4 4. Nxd4 Nf6 5. Nc3 e6 6. Bg5 Be7 7. Qd2 a6 8. f3 Qc7 9. g4 Nbd7 10. 0-0-0 0-0 11. Be3 Ne5 12. g5 Ne8 13. f4 Nc6 14. h4 Rb8 15. h5 b5 16. Nxc6 Qxc6 17. Bd3 b4 18. Ne2 e5 19. f5 b3 20. axb3 Rxb3 21. Nc3 Rb8 22. Qe2 Nc7 23. g6 Nb5 24. gxh7+ Kxh7 25. Nd5 Nd4 26. Bxd4 exd4 27. Qg2 Rg8 28. Rdg1 1-0

[Event "Oberliga Ost-B 9596"]
[Site "Germany"]
[Date "1996.??.??"]
[Round "?"]
[White "Froehner, Christian"]
[Black "Weber, Marc"]
[Result "1-0"]
[WhiteElo "2255"]
[BlackElo "2255"]
[PlyCount "65"]
[EventDate "1995.10.??"]
[EventType "team"]
[EventRounds "10"]
[EventCountry "GER"]
[SourceTitle "EXT 1998"]
[Source "ChessBase"]
[SourceDate "1997.11.17"]
[SourceVersion "1"]
[SourceVersionDate "1997.11.17"]
[SourceQuality "1"]

1. d4 d5 2. Nf3 Nf6 3. Bf4 e6 4. e3 Bd6 5. Ne5 0-0 6. Bd3 c5 7. dxc5 Bxc5 8. 0-0 Bd7 9. Nd2 Nc6 10. Ndf3 h6 11. c3 Qe7 12. Rc1 Bd6 13. Bb1 Rac8 14. Qd3 a6 15. Rfd1 Nxe5 16. Nxe5 Bb5 17. Qc2 Bxe5 18. Bxe5 g6 19. Qd2 Kh7 20. e4 Rfd8 21. Qf4 Nh5 22. Qf3 dxe4 23. Bxe4 f5 24. Bxb7 Rc5 25. Rxd8 Qxd8 26. Qe3 Qg5 27. Qxg5 hxg5 28. Bd6 Rc4 29. b3 Rg4 30. f3 Rh4 31. Bg3 Nxg3 32. hxg3 Rh6 33. c4 1-0

[Event "Oberliga Ost-B 9596"]
[Site "Germany"]
[Date "1996.??.??"]
[Round "?"]
[White "Weber, Marc"]
[Black "Haessler, Wolfgang"]
[Result "0-1"]
[WhiteElo "2255"]
[BlackElo "2652"]
[PlyCount "65"]
[EventDate "1995.10.??"]
[EventType "team"]
[EventRounds "10"]
[EventCountry "GER"]
[SourceTitle "EXT 1998"]
[Source "ChessBase"]
[SourceDate "1997.11.17"]
[SourceVersion "1"]
[SourceVersionDate "1997.11.17"]
[SourceQuality "1"]

1. d4 d5 2. c4 dxc4 3. Nf3 a6 4. e4 b5 5. a4 Bb7 6. b3 Bxe4 7. bxc4 bxc4 8. Bxc4 e6 9. 0-0 Nf6 10. Nc3 Bd5 11. Nxd5 Nxd5 12. Ne5 Be7 13. Qg4 g6 14. Bh6 Qd6 15. Qf3 f6 16. Bg7 Rg8 17. Bxf6 Bxf6 18. Bxd5 exd5 19. Rfe1 Kf8 20. Qh3 Kg7 21. Rac1 Rf8 22. f4 c6 23. f5 Ra7 24. fxg6 hxg6 25. Qg4 Bxe5 26. dxe5 Qe7 27. e6 c5 28. Rf1 Nc6 29. Rxf8 Qxf8 30. Rf1 Qd6 31. h4 Re7 32. h5 Qxe6 33. Rf4 0-1

[Event "BL2-Sued 9293"]
[Site "Germany"]
[Date "1993.??.??"]
[Round "?.4"]
[White "Weber, Marc"]
[Black "Maier, Christian"]
[Result "1/2-1/2"]
[WhiteElo "2295"]
[BlackElo "2375"]
[PlyCount "30"]
[EventDate "1992.10.??"]
[EventType "team-tourn"]
[EventRounds "9"]
[EventCountry "GER"]
[SourceTitle "GER-chT2"]
[Source "ChessBase"]
[SourceDate "1999.07.01"]
[SourceVersion "1"]
[SourceVersionDate "1999.07.01"]
[SourceQuality "1"]
[WhiteTeam "Heidelberg"]
[BlackTeam "Zaehringen"]
[WhiteTeamCountry "GER"]
[BlackTeamCountry "GER"]

1. Nf3 c5 2. e4 d6 3. d4 cxd4 4. Nxd4 Nf6 5. Nc3 a6 6. f4 e5 7. Nf3 Qc7 8. Bd3 Nbd7 9. a4 b6 10. 0-0 Bb7 11. Kh1 g6 12. Qe1 Bg7 13. Qh4 0-0 14. Bd2 Rae8 15. Rae1 Qc5 1/2-1/2

[Event "Bundesliga 9091"]
[Site "Germany"]
[Date "1991.??.??"]
[Round "?.6"]
[White "Vogt, Lothar"]
[Black "Weber, Marc"]
[Result "1/2-1/2"]
[WhiteElo "2510"]
[BlackElo "2330"]
[PlyCount "62"]
[EventDate "1990.10.06"]
[EventType "team-tourn"]
[EventRounds "15"]
[EventCountry "GER"]
[SourceTitle "GER-chT"]
[Source "ChessBase"]
[SourceDate "1999.07.01"]
[SourceVersion "1"]
[SourceVersionDate "1999.07.01"]
[SourceQuality "1"]
[WhiteTeam "Koeln Porz"]
[BlackTeam "Heidelberg"]
[WhiteTeamCountry "GER"]
[BlackTeamCountry "GER"]

1. e4 c5 2. Nf3 d6 3. d4 cxd4 4. Nxd4 Nf6 5. Nc3 a6 6. a4 e6 7. Be2 Be7 8. 0-0 0-0 9. f4 Qc7 10. Kh1 Nc6 11. Be3 Rb8 12. Qe1 Bd7 13. Qg3 Kh8 14. e5 Ne8 15. Nxc6 bxc6 16. b3 d5 17. Bd2 Bc8 18. Bd3 g6 19. a5 Ng7 20. Na4 c5 21. Nb6 Bb7 22. Qg4 Nf5 23. Rg1 Rbd8 24. Qe2 Nd4 25. Qf1 Qc6 26. Be3 Nb5 27. Bf2 Rde8 28. Qe1 Kg8 29. Bh4 Nd4 30. Bxe7 Rxe7 31. Qh4 f6 1/2-1/2

[Event "Bundesliga 9091"]
[Site "Germany"]
[Date "1991.??.??"]
[Round "?.5"]
[White "Weber, Marc"]
[Black "Kohlweyer, Bernd"]
[Result "0-1"]
[WhiteElo "2330"]
[BlackElo "2365"]
[PlyCount "92"]
[EventDate "1990.10.06"]
[EventType "team-tourn"]
[EventRounds "15"]
[EventCountry "GER"]
[SourceTitle "GER-chT"]
[Source "ChessBase"]
[SourceDate "1999.07.01"]
[SourceVersion "1"]
[SourceVersionDate "1999.07.01"]
[SourceQuality "1"]
[WhiteTeam "Heidelberg"]
[BlackTeam "Frankfurt"]
[WhiteTeamCountry "GER"]
[BlackTeamCountry "GER"]

1. Nf3 c5 2. g3 Nc6 3. Bg2 g6 4. 0-0 Bg7 5. d3 e6 6. e4 Nge7 7. Nbd2 d5 8. Re1 b6 9. c3 h6 10. Nf1 a5 11. h4 Ba6 12. e5 Qc7 13. Qe2 g5 14. hxg5 hxg5 15. N1h2 Rxh2 16. Nxh2 Nxe5 17. Rd1 N5g6 18. Bxg5 f6 19. Bd2 e5 20. c4 Rd8 21. Ng4 Kf7 22. Bh6 Bh8 23. Ne3 d4 24. Nd5 Nxd5 25. cxd5 Bc8 26. a3 a4 27. Rab1 Rd6 28. b3 axb3 29. Rxb3 f5 30. Bg5 Bd7 31. Rc1 Bf6 32. Qh5 Bxg5 33. Qxg5 b5 34. Rcb1 Rf6 35. Qh6 Nf8 36. Qh5+ Kg7 37. Qe2 Ng6 38. Rc1 e4 39. Rbb1 c4 40. dxc4 d3 41. Qa2 f4 42. cxb5 Qd6 43. Bxe4 fxg3 44. fxg3 Qxg3+ 45. Bg2 Qe3+ 46. Kh1 Ne5 0-1